[Event "Hradec Kralove op 13th"]
[Site "Hradec Kralove"]
[Date "2023.11.07"]
[Round "4"]
[White "Tavernier, Loris"]
[Black "Santos Martinez, Guillermo"]
[Result "1/2-1/2"]
[WhiteElo "1922"]
[BlackElo "2112"]
[PlyCount "43"]
[EventDate "2023.11.04"]
[EventType "swiss"]
[EventRounds "9"]
[EventCountry "CZE"]
[SourceTitle "CB46_2023"]
[SourceDate "2023.11.15"]
[SourceVersion "1"]
[SourceVersionDate "2023.11.15"]
[SourceQuality "1"]

1. Nf3 d5 2. g3 c5 3. Bg2 Nc6 4. d4 Nf6 5. 0-0 e6 6. c4 dxc4 7. dxc5 Qxd1 8. Rxd1 Bxc5 9. Nbd2 c3 10. bxc3 0-0 11. Nb3 Be7 12. c4 Bd7 13. Bf4 Rac8 14. Bd6 b6 15. Ne5 Bxd6 16. Nxd7 Nxd7 17. Rxd6 Ndb8 18. c5 bxc5 19. Nxc5 Ne5 20. Nb3 Rc2 21. Rd2 Rxd2 22. Nxd2 1/2-1/2

[Event "Plzen op 11th"]
[Site "Plzen"]
[Date "2023.03.07"]
[Round "5"]
[White "Chubar, Vladimir"]
[Black "Tavernier, Loris"]
[Result "1/2-1/2"]
[WhiteElo "1802"]
[BlackElo "2006"]
[PlyCount "35"]
[EventDate "2023.03.04"]
[EventType "swiss"]
[EventRounds "9"]
[EventCountry "CZE"]
[SourceTitle "CBM 213 Extra"]
[Source "ChessBase"]
[SourceDate "2023.05.31"]
[SourceVersion "1"]
[SourceVersionDate "2023.05.31"]
[SourceQuality "1"]

1. d4 c6 2. Nf3 d5 3. Nc3 Nf6 4. Bg5 Bf5 5. e3 Nbd7 6. Bd3 Bg6 7. 0-0 e6 8. e4 dxe4 9. Nxe4 Be7 10. Nxf6+ Bxf6 11. Bxf6 Qxf6 12. Re1 0-0 13. Bxg6 Qxg6 14. c4 Rfd8 15. Qb3 Rab8 16. Re3 b5 17. c5 a5 18. Rae1 1/2-1/2

[Event "EU-ch Amateur U2000"]
[Site "Zagreb"]
[Date "2022.08.21"]
[Round "9"]
[White "Liovic, Fran"]
[Black "Tavernier, Loris"]
[Result "0-1"]
[WhiteElo "1736"]
[BlackElo "1752"]
[PlyCount "186"]
[EventDate "2022.08.14"]
[EventType "swiss"]
[EventRounds "9"]
[EventCountry "CRO"]
[SourceTitle "CBM 210 Extra"]
[Source "ChessBase"]
[SourceDate "2022.11.30"]
[SourceVersion "1"]
[SourceVersionDate "2022.11.30"]
[SourceQuality "1"]

1. d4 Nf6 2. c4 e6 3. Nc3 d5 4. cxd5 exd5 5. Bg5 c6 6. Qc2 Be7 7. e3 0-0 8. Bd3 Nbd7 9. Nge2 Re8 10. 0-0 Nf8 11. f3 Ng6 12. e4 dxe4 13. fxe4 Ng4 14. Bxe7 Qc7 15. e5 Qxe7 16. Qd2 c5 17. Bc4 Be6 18. d5 N4xe5 19. dxe6 Nxc4 20. exf7+ Qxf7 21. Rxf7 Nxd2 22. Rxb7 Reb8 23. Rxb8+ Rxb8 24. b3 Re8 25. Ng3 Re3 26. Rc1 Nf4 27. Kf2 Rd3 28. Nge2 Ne6 29. Ke1 c4 30. Rc2 Nxb3 31. axb3 cxb3 32. Rb2 Nc5 33. Nd1 a5 34. Nc1 a4 35. Ke2 a3 36. Nxd3 Nxd3 37. Rd2 a2 38. Rxd3 a1Q 39. Rxb3 Qe5+ 40. Ne3 Qxh2 41. Rb5 Qd6 42. Rf5 Qa6+ 43. Kf2 Qa2+ 44. Kf3 h6 45. g4 Qb2 46. Ke4 g6 47. Rd5 Qb4+ 48. Kf3 Qb7 49. Kf4 Kg7 50. Ke5 Qa7 51. Nc4 Qe7+ 52. Kd4 Qb4 53. Rc5 Qa4 54. Ke5 h5 55. gxh5 gxh5 56. Nd6 Kg6 57. Ne4 Qa1+ 58. Kf4 Qf1+ 59. Kg3 h4+ 60. Kxh4 Qf4+ 61. Kh3 Qxe4 62. Rc3 Qh1+ 63. Kg4 Qe4+ 64. Kh3 Qf5+ 65. Kg2 Kg5 66. Rg3+ Kh4 67. Rf3 Qd5 68. Kf2 Qd2+ 69. Kg1 Qb2 70. Rf2 Qb1+ 71. Kg2 Qe4+ 72. Kh2 Qe3 73. Kg2 Kg4 74. Rf8 Qd2+ 75. Rf2 Qd5+ 76. Kh2 Qd4 77. Kg2 Kh4 78. Rf1 Qc3 79. Rf3 Qc6 80. Kf2 Kg4 81. Rd3 Qe4 82. Re3 Qd4 83. Ke2 Qc4+ 84. Kf2 Qa2+ 85. Re2 Qa7+ 86. Kg2 Kf4 87. Rf2+ Ke3 88. Rf3+ Ke2 89. Rg3 Qf7 90. Ra3 Qg6+ 91. Rg3 Qe4+ 92. Kh3 Kf2 93. Rg4 Qh1# 0-1

[Event "EU-ch Amateur U2000"]
[Site "Zagreb"]
[Date "2022.08.19"]
[Round "7"]
[White "Mudrinic, Nenad"]
[Black "Tavernier, Loris"]
[Result "1/2-1/2"]
[WhiteElo "1841"]
[BlackElo "1752"]
[PlyCount "43"]
[EventDate "2022.08.14"]
[EventType "swiss"]
[EventRounds "9"]
[EventCountry "CRO"]
[SourceTitle "CBM 210 Extra"]
[Source "ChessBase"]
[SourceDate "2022.11.30"]
[SourceVersion "1"]
[SourceVersionDate "2022.11.30"]
[SourceQuality "1"]

1. d4 Nf6 2. c4 e6 3. Nc3 d5 4. Bg5 c6 5. c5 Be7 6. e3 Nbd7 7. f4 h6 8. Bh4 g5 9. fxg5 Nh7 10. Nf3 hxg5 11. Bg3 g4 12. Ne5 Nxe5 13. Bxe5 f6 14. Bg3 f5 15. Be2 Bh4 16. Bxh4 Qxh4+ 17. Kd2 Nf6 18. Qe1 Qg5 19. Qg3 Nh5 20. Qe5 Qf6 21. Qxf6 Nxf6 22. h3 1/2-1/2

[Event "Wroclaw Anderssen Memorial"]
[Site "Wroclaw"]
[Date "2020.08.09"]
[Round "2"]
[White "Tavernier, Loris"]
[Black "Wisniewski, Michal"]
[Result "0-1"]
[WhiteElo "1390"]
[BlackElo "2155"]
[PlyCount "72"]
[EventDate "2020.08.09"]
[EventType "swiss"]
[EventRounds "11"]
[EventCountry "POL"]
[SourceTitle "CBM 197 Extra"]
[Source "ChessBase"]
[SourceDate "2020.09.30"]
[SourceVersion "1"]
[SourceVersionDate "2020.09.30"]
[SourceQuality "1"]

1. Nf3 Nf6 2. g3 d5 3. c4 c6 4. Bg2 Bf5 5. cxd5 Nxd5 6. Nc3 Nf6 7. 0-0 e6 8. d4 Be7 9. Nh4 Bg6 10. Qb3 Qb6 11. Qxb6 axb6 12. Nxg6 hxg6 13. e4 Nbd7 14. Be3 b5 15. h3 0-0 16. f4 Nb6 17. b3 b4 18. Ne2 Ra6 19. Nc1 Rfa8 20. Rf2 Ne8 21. Nd3 Nc7 22. Nc5 R6a7 23. d5 exd5 24. Nd3 Ra6 25. exd5 Nbxd5 26. Bc5 Bf6 27. Ne5 Ra5 28. Bd6 Nb5 29. Bxd5 Nxd6 30. Bg2 Bxe5 31. fxe5 Rxe5 32. Rd2 Re6 33. Rad1 Nf5 34. Rd7 Rxa2 35. Rxb7 Rxg2+ 36. Kxg2 Ne3+ 0-1